000 00479nmm a2200145Ia 4500
008 251105s9999||||xx |||||||||||||||||und||
041 _aspa
100 _aIbeas Vuelta, Nieves
245 0 _aMujeres migrantes :
_b (De)construyendo identidades en tránsito
264 _a[Madrid, España] :
_bPrensas Universitarias de Zaragoza,
_c2019
300 _a258 páginas
650 _aGender and Women Studies
856 _uhttps://public.digitaliapublishing.com/a/66400
942 _cCF
999 _c106639
_d106639